Online Catalogue and eLibrary

Storage : (Record no. 3057)

MARC details
000 -LEADER
fixed length control field 00393nam a2200157Ia 4500
005 - DATE AND TIME OF LATEST TRANSACTION
control field 20240924073044.0
008 - FIXED-LENGTH DATA ELEMENTS--GENERAL INFORMATION
fixed length control field 240331s9999 xx 000 0 und d
082 ## - DDC Classification
Item Number - Author Mark Sto
Class No. 641.4
100 ## - MAIN ENTRY--PERSONAL NAME
Personal name UNIFEM
245 #0 - TITLE STATEMENT
Title Storage :
Remainder of title Food cycle technology source book No..8
260 ## - PUBLICATION, DISTRIBUTION, ETC.
Place of publication, distribution, etc. New York
Name of publisher, distributor, etc. UNIFEM
Date of publication, distribution, etc. 1993
300 ## - PHYSICAL DESCRIPTION
Extent (e.g. Volumes, Pages etc.) 46 p .,
650 ## - SUBJECT ADDED ENTRY--TOPICAL TERM
Topical term or geographic name entry element Women
650 ## - SUBJECT ADDED ENTRY--TOPICAL TERM
Topical term or geographic name entry element Food Cycle Technology
942 ## - Koha item type (Biblio)
Koha item type Books in Stacks (Lending)
Holdings
Lost status Damaged status Collection code Home library Current library Shelving location Date acquired Full call number Accession Number Item type
    Lending WERC Library WERC Library Social Science Cupboard 03/31/2024 641.4 Sto 1855 Books in Stacks (Lending)

© WERC Library